000 00476nam a2200217Ia 4500
003 OSt
005 20221005122446.0
006 a|||||r|||| 00| 0
007 ta
008 221004b |||||||| |||| 00| 0 eng d
024 _a120639
037 _cTextual
040 _aCRL
_cCRL
_beng
041 _2eng
_aeng
100 _aSethna M J
245 0 _aJuris prudence
260 _c1955
650 _aLAW
942 _cTEXL
_2cc
999 _c1044369
_d1044369